000
00266nam a2200109Ia 4500
008
190216s9999||||xx |||||||||||||| ||und||
100
_a
Abu Iringatiri
245
0
_a
Malayalam-Sooryan Oru Chan Agale
260
_b
Sakshi Prakashan
650
_a
Malayalam
942
_c
BK
999
_c
26781
_d
26781